000 00602nam a2200217Ia 4500
005 20250508162601.0
008 008 250505s9999 xx 000 0 eng d
037 _aTextual
040 _aFEDL
_beng
_cFEDL
041 _aeng
_2eng
084 _a111.85, JHA
_qFEDL
100 _aJhanji Rekha Ed.
_9148624
245 0 _aCommunication and the arts
260 _aDelhi, India
_bAjanta Publications
_c1984
300 _ax,138p
365 _aINR
_b60
490 _aAjanta's series on aesthetics; 5
650 _aPhilosophy
942 _cTEXL
_h111.85, JHA
999 _c1377463
_d1377463